Online Catalogue and eLibrary

Sri Lankawe jathika prashnaya (Record no. 5071)

MARC details
000 -LEADER
fixed length control field 00406nam a2200157Ia 4500
005 - DATE AND TIME OF LATEST TRANSACTION
control field 20250623024403.0
008 - FIXED-LENGTH DATA ELEMENTS--GENERAL INFORMATION
fixed length control field 240331s9999 xx 000 0 und d
020 ## - INTERNATIONAL STANDARD BOOK NUMBER
ISBN 9789559111108
082 ## - DDC Classification
Item Number - Author Mark KAN
Class No. 324
100 ## - MAIN ENTRY--PERSONAL NAME
Personal name Kandavinna,S
245 #0 - TITLE STATEMENT
Title Sri Lankawe jathika prashnaya
260 ## - PUBLICATION, DISTRIBUTION, ETC.
Place of publication, distribution, etc. Rajagiriya
Name of publisher, distributor, etc. Democratic Rights
Date of publication, distribution, etc. 2007
300 ## - PHYSICAL DESCRIPTION
Extent (e.g. Volumes, Pages etc.) 100 p .,
500 ## - GENERAL NOTE
General note Sri Lanka's National Question
942 ## - Koha item type (Biblio)
Koha item type Books in Stacks (Lending)
Holdings
Lost status Damaged status Collection code Home library Current library Shelving location Date acquired Full call number Accession Number Item type
    Lending WERC Library WERC Library Social Science Cupboard 03/31/2024 324.29406 KAN 6032 Books in Stacks (Lending)

© WERC Library